000 00741nam a22002177a 4500
005 20251108170515.0
008 250721s1991 xx 000 0 ara d
082 1 4 _aط/ق
100 1 _aقاسم، محمود
_eTran.
245 1 0 _aالأب الروحي. في لهيب الليل. القتلة. لعبة اللصوص /
264 1 _aالقاهره :
_bنهضة مصر،
_c1991.
300 _a127ص.
490 0 _aأجمل حكايات الدنيا : الحكايات البوليسية
_v5
653 _a(سنة 14-10) ناشئون صغار
653 _aالقصص المترجمة
700 1 _aبوزو، ماريو
700 1 _aبول، جون
700 1 _aهيمنجواي، آرنست
942 _2ddc
_cBK
999 _c42158
_d42158